000 00340nam a2200121Ia 4500
008 241002s9999 xx 000 0 und d
082 _a307.14 ASH
100 _aAshford, Douglas E.
245 0 _aNational Development & Local Reform Political Participation in Moraco
260 _aNew York:
_c1967
600 _aSocial Sciences
942 _cUC
999 _c18520
_d18520